UBT Library

Doing Philosophy a practical guide for students (Record no. 50280)

000 -LEADER
fixed length control field 00318nam a22001337a 4500
008 - FIXED-LENGTH DATA ELEMENTS--GENERAL INFORMATION
fixed length control field 181019b xxu||||| |||| 00| 0 eng d
020 ## - INTERNATIONAL STANDARD BOOK NUMBER
International Standard Book Number 9780826498731
041 ## - LANGUAGE CODE
Language code of text/sound track or separate title eng
080 ## - UNIVERSAL DECIMAL CLASSIFICATION NUMBER
Universal Decimal Classification number 101
100 ## - Rafti
Rafti 24
101 ## - Shkurtesa
Shkurtesa FIL
245 ## - TITLE STATEMENT
Title Doing Philosophy a practical guide for students
Statement of responsibility, etc Saunders,c
942 ## - ADDED ENTRY ELEMENTS (KOHA)
Source of classification or shelving scheme
Item type Books
Holdings
Withdrawn status Lost status Source of classification or shelving scheme Damaged status Not for loan Collection code Permanent location Current location Shelving location Date acquired Total Checkouts Full call number Barcode Date last seen Price effective from Koha item type
          Koleksioni i përgjithshem UBT - Lipjan UBT - Lipjan Koleksioni i përgjithshem 10/19/2018   101 SAU 002-3017224 10/19/2018 10/19/2018 Books
          Koleksioni i përgjithshem UBT - Lipjan UBT - Lipjan Koleksioni i përgjithshem 10/19/2018   101 SAU 002-3017227 10/19/2018 10/19/2018 Books
UBT Library © 2015-2024. All rights reserved University Education for Business and Technology